00000000nam##2200000za#4500
0019.541863
003CaOODSP
00520210615085845
007ta
008150406|2005||||xxc|||||     f|0| 0 fre|d
020 |a0-660-62936-4
040 |aCaOODSP|bfre
041 |aeng
041 |afre
043 |an-cn---
0861 |aBT31-4/77-2005
1101 |aCanada. |bConseil du trésor.
24510|aBureau de la sécurité des transports du Canada
260 |bSecrétariat du Conseil du Trésor du Canada |c2005.
300 |aFrench text, 83p. : |bfigures, organigramme, tableaux ; |c28 cm.
4901 |aRapport sur le rendement pour la période se terminant le 31 mars 2005
5203 |aLes rapports ministériels sur le rendement font partie du Budget des dépenses préparé par le gouvernement du Canada chaque année à l’appui des autorisations de dépenser demandées au Parlement pour l’affectation des fonds publics. Chaque rapport met l’accent sur la reddition de comptes, comparant les réalisations avec les attentes et les engagements établis plus tôt dans le Rapport sur les plans et priorités du ministère. Les rapports ministériels sur le rendement tiennent compte de l’accent sur le citoyen des programmes du gouvernement, établissant le contexte stratégique, les risques et les défis liés au respect des engagements, et les liens entre les ressources que le ministère utilise et les avantages qu’elles ont apportés aux Canadiens et à la société canadienne.
563 |aCouverture souple
590 |a05-44|b2005-11-04
69107|aMinistère du gouvernement fédéral|2gcpds
7760#|tTransportation Safety Board of Canada, departmental performance report for the period ending March 31, 2005 |w(CaOODSP)9.573275
7760#|tBureau de la sécurité des transports du Canada - rapport ministériel sur le rendement pour la période se terminant le 31 mars 2005 |w(CaOODSP)9.603484
791 |tTransportation Safety Board of Canada |eeng|w(CaOODSP)9.541862
830#0|aRapport sur le rendement pour la période se terminant le 31 mars 2005.|w(CaOODSP)9.511143